Statistiques concernant Régions d'Italie - Carte Quiz

Cliquez ici pour prendre le quiz!

Statistiques générales

  • Ce quiz a été pris 6 991 fois
  • Le résultat moyen est 10 sur 20

Réponses sur la Carte

Les réponses sont colorées sur une échelle allant du rouge au vert en fonction du pourcentage des utilisateurs qui les ont devinées à leur premier essai. Vous pouvez retrouver ces pourcentages ci-dessous.
Chargement ...
 

Statistiques - réponses

Réponse% Correct
Sicile
92%
Sardaigne
92%
Toscane
61%
Latium
57%
Piémont
57%
Vallée d'Aoste
55%
Lombardie
55%
Vénétie
54%
Pouilles
52%
Calabre
49%
Ligurie
44%
Frioul-Vénétie julienne
43%
Emilie-Romagne
41%
Trentin-Haut-Adige
41%
Campanie
35%
Ombrie
30%
Basilicate
26%
Marche
26%
Abruzzes
24%
Molise
24%

Distribution des résultats

Percentile par nombre de réponses

% des personnes avec chaque résultat

Votre développement - résultats

Vous n’avez pas pris ce quiz